[Event "JUG-ch sf"]
[Site "Kladovo"]
[Date "1994.??.??"]
[Round "?"]
[White "Karaklajic, Nikola"]
[Black "Rajkovic, Ljubisa"]
[Result "1/2-1/2"]
[WhiteElo "2380"]
[BlackElo "2295"]

1.e4 c5 2.Nf3 d6 3.Bb5+ Bd7 4.Bxd7+ Qxd7 5.O-O Nc6 6.c3 Nf6 7.Qe2 e6 8.d4 d5
9.exd5 Qxd5 10.Be3 cxd4 11.cxd4 Be7 12.Nc3 Qh5 13.Rfe1 O-O 14.Ne5 Qxe2 15.Rxe2 Nb4
16.Rc1 Rfd8 17.a3 Nbd5 18.Rec2 h6 19.h3 Bd6 20.Ng4 Rd7 21.Nxf6+ Nxf6 22.g4 Rad8
23.Kg2 Bb8 24.Kf3 a6 25.Ne4 Nd5 26.Nc5 Rc7 27.Nb3 b6 28.Rxc7 Bxc7 29.Nd2 Kf8
30.Ne4 Ke8 31.Nc3 Kd7 32.h4 Bd6 33.h5 Re8 34.a4 Rc8 35.Nxd5 exd5 36.Rxc8 Kxc8
37.g5 hxg5 38.Kg4 Kd7 39.Bxg5 Ke6 40.Bd8 b5 41.axb5 axb5 42.f4 f6 43.Bb6 Bb4
44.Bc7 Bd2 45.f5+ Kf7 46.Kf3 Bc1 47.b3 Kg8 48.Bg3  1/2-1/2

[Event "JUG-ch sf"]
[Site "Kladovo"]
[Date "1994.??.??"]
[Round "?"]
[White "Tosic, Miroslav"]
[Black "Ilincic, Zlatko"]
[Result "1/2-1/2"]
[WhiteElo "2445"]
[BlackElo "2530"]

1.e4 c5 2.Nf3 d6 3.Bb5+ Nd7 4.d4 Nf6 5.Nc3 a6 6.Bxd7+ Nxd7 7.dxc5 Nxc5 8.Be3 Nd7
9.Nd4 e6 10.f4 Be7 11.f5 Ne5 12.fxe6  1/2-1/2

[Event "JUG-ch sf"]
[Site "Kladovo"]
[Date "1994.??.??"]
[Round "?"]
[White "Karaklajic, Nikola"]
[Black "Ilincic, Zlatko"]
[Result "0-1"]
[WhiteElo "2380"]
[BlackElo "2530"]

1.e4 c5 2.Nf3 d6 3.Bb5+ Nd7 4.d4 Nf6 5.Nc3 a6 6.Bxd7+ Nxd7 7.dxc5 Nxc5 8.Be3 Nd7
9.O-O e6 10.a4 Be7 11.Qd2 O-O 12.Rfd1 Qc7 13.a5 b5 14.Bf4 Ne5 15.Nxe5 dxe5
16.Be3 Bf6 17.Bb6 Qc6 18.Qd6 Bb7 19.Qxc6 Bxc6 20.f3 Be7 21.Rd3 Rac8 22.Nd1 f5
23.Nf2 Be8 24.c3 b4 25.cxb4 Bb5 26.Rdd1 Bxb4 27.Nd3 Bxd3 28.Rxd3 fxe4 29.Rb3 Rc4
30.Ra4 Rc1+ 31.Kf2 Rc2+ 32.Ke3 exf3 33.gxf3 Be7 34.h4 Rh2 35.Rg4 Bxh4 36.Bc7 Bf6
37.Rb6 Rc8 38.Rb8 Rxb8 39.Bxb8 Rxb2 40.Bc7 h5 41.Re4 Rb5 42.Rc4 h4 43.Rc6 h3
44.Kf2 Bh4+  0-1

[Event "JUG-ch sf"]
[Site "Kladovo"]
[Date "1994.??.??"]
[Round "?"]
[White "Ristic, Nenad"]
[Black "Kovacevic, Aleksandar"]
[Result "1-0"]
[WhiteElo "2380"]
[BlackElo "2405"]

1.e4 c5 2.Nf3 d6 3.Bb5+ Bd7 4.Bxd7+ Qxd7 5.O-O Nc6 6.c3 Nf6 7.d4 cxd4 8.cxd4 d5
9.e5 Ng8 10.b4 Nxb4 11.e6 Qxe6 12.Qb3 Qb6 13.Nc3 e6 14.Rb1 Nc6 15.Nb5 Qd8
16.Bf4 Rc8 17.Ne5 Qa5 18.Rfc1 Be7 19.Nxc6 bxc6 20.Nc7+ Rxc7 21.Qb8+ Bd8 22.Rc5 Qxc5
23.dxc5 Rd7 24.Rb7 Rxb7 25.Qxb7 Ne7 26.Bd6 f6 27.Qxa7 Kf7 28.f4 d4 29.a4 d3
30.Kf2 e5 31.f5 g6 32.g4 gxf5 33.gxf5 Rg8 34.Ke3 Rg4 35.Qd7  1-0

[Event "Kstovo op"]
[Site "Kstovo"]
[Date "1994.??.??"]
[Round "2"]
[White "Margolin, Boris"]
[Black "Anastasian, Ashot"]
[Result "1/2-1/2"]
[WhiteElo "2400"]
[BlackElo "2540"]

1.e4 c5 2.Nf3 d6 3.Bb5+ Nd7 4.c3 Nf6 5.Qe2 a6 6.Ba4 e6 7.O-O Be7 8.d4 cxd4
9.cxd4 b5 10.Bc2 Bb7 11.a4 O-O 12.Re1 Qc7 13.Bd3 Rfc8 14.Nbd2 bxa4 15.Nf1 Nb6
16.Ng3 d5 17.e5 Ne4 18.Nh5 g6 19.Nf4 Qd7 20.Rf1 Rc7 21.Ne1 a3 22.bxa3 Qa4
23.Be3 Nc4 24.Qg4 Rac8 25.h4 Nxe3 26.fxe3 Rc1 27.Nf3 Rxa1 28.Rxa1 Rc3 29.h5 Qe8
30.Rf1 Bc8 31.hxg6 fxg6 32.Bxe4 dxe4 33.Nh4 Bxh4 34.Qxh4 Rc7 35.Qg4 Qe7 36.Nh5 Qxa3
37.Nf6+ Kh8 38.Qf4 Rc1 39.Ne8 Rxf1+ 40.Kxf1 Qe7 41.Nd6 Bd7 42.Qxe4 Kg7 43.Qa8 Qf8+
44.Qxf8+ Kxf8 45.Ne4 a5 46.Nf6 Bc6 47.Nxh7+ Kg7 48.Ng5 a4 49.Nxe6+ Kh6 50.Nc5 a3
51.Nb3 a2 52.g3 Kg5 53.Ke2 Bd5 54.Na1 Kg4 55.e4 Bxe4 56.Kf2 g5 57.Ke3 Bd5
58.Kf2 Bf7 59.Nc2 Bg6 60.Na1 Kf5 61.Ke3 Ke6 62.Kd2 Bf7 63.Kc3 Kd5 64.Kd3 g4
65.Nb3 Bg8 66.Kc3 Ke4 67.Nc5+ Kf3 68.Kb2 Kxg3 69.e6 Kf4 70.e7 Bf7 71.Nd3+  1/2-1/2

[Event "Kstovo op"]
[Site "Kstovo"]
[Date "1994.??.??"]
[Round "5"]
[White "Kazhgaleyev, Murtas"]
[Black "Neverov, Valeriy"]
[Result "0-1"]
[WhiteElo "2455"]
[BlackElo "2470"]

1.e4 c5 2.Nf3 d6 3.Bb5+ Bd7 4.Bxd7+ Nxd7 5.O-O Ngf6 6.Qe2 e6 7.d4 cxd4 8.Nxd4 a6
9.c4 g6 10.Nc3 Bg7 11.b3 O-O 12.Bb2 Qa5 13.Rad1 Rfc8 14.a3 Rab8 15.Kh1 Qh5
16.f3 Ne8 17.g4 Qc5 18.Qd2 Qc7 19.f4 Nc5 20.b4 Nd7 21.f5 Qxc4 22.fxe6 fxe6
23.Nce2 Nef6 24.g5 Nxe4 25.Qf4 e5 26.Qxe4 exd4 27.Rc1 Qa2 28.Rxc8+ Rxc8 29.Qe7 Rf8
30.Nf4 Qf7 31.Qe4 d5 32.Qd3  0-1

[Event "Las Palmas"]
[Site "Las Palmas"]
[Date "1994.??.??"]
[Round "3"]
[White "Illescas Cordoba, Miguel"]
[Black "Topalov, Veselin"]
[Result "1/2-1/2"]
[WhiteElo "2590"]
[BlackElo "2640"]

1.e4 c5 2.Nf3 d6 3.Bb5+ Nd7 4.d4 Nf6 5.Nc3 cxd4 6.Qxd4 g6 7.e5 dxe5 8.Nxe5 Bg7
9.Bg5 a6 10.Nxd7 Bxd7 11.Bxd7+ Qxd7 12.Qxd7+ Nxd7 13.Nd5 Rc8 14.O-O-O e6
15.Rhe1 h6 16.Bd2 Rc4 17.Bb4 Rd4 18.Rxd4 Bxd4 19.f4 Bf2 20.Re4 Kd8 21.Be7+ Kc8
22.Rc4+ Kb8 23.Bd6+ Ka7 24.Rc7 Nb8 25.Ne7 Rd8 26.c4 a5 27.Kc2 Ka6 28.c5 Nd7
29.c6 Nb8 30.Be5 Bb6 31.Rxb7 Nxc6 32.Nxc6 Kxb7 33.Nxd8+ Bxd8 34.Kb3 f5 35.Kc4 Kc6
36.b3 g5 37.fxg5 Bxg5 38.h3 h5 39.Bc3 Bd8 40.Be5 Be7 41.Bc3 Kb6 42.Bd2 Bd6
43.Bg5  1/2-1/2

[Event "Las Palmas-B"]
[Site "Las Palmas"]
[Date "1994.??.??"]
[Round "6"]
[White "Garcia Padron, J."]
[Black "Villavicencio, Adalberto"]
[Result "1-0"]
[WhiteElo "2435"]
[BlackElo "2360"]

1.e4 c5 2.Nf3 d6 3.Bb5+ Bd7 4.Bxd7+ Qxd7 5.O-O Nc6 6.Re1 Nf6 7.c3 e6 8.d3 Be7
9.Nbd2 Qc7 10.Nf1 O-O 11.Ng3 Rfd8 12.Bg5 Rac8 13.Qd2 Ne5 14.Qe2 b5 15.d4 Nxf3+
16.Qxf3 Ne8 17.Be3 d5 18.e5 b4 19.Qg4 cxd4 20.cxd4 Qc2 21.b3 Rc3 22.Ne2 Rc7
23.Nf4 Qf5 24.Qxf5 exf5 25.Rac1 g5 26.Nd3 Rdc8 27.h4 Rxc1 28.Rxc1 Rxc1+ 29.Bxc1 gxh4
30.Bd2 a5 31.Nc5 Nc7 32.Nd7 Nb5 33.Nb6 Nc3 34.Kf1 Bd8 35.Nd7 Nxa2 36.Ke2 Kg7
37.Kd3 Kg6 38.Nb8 Kh5 39.Nc6 Bb6 40.Ne7 Kg4 41.Nxd5 Bd8 42.Ne3+ Kf4 43.Nc4+ Kg4
44.Ne3+ Kf4 45.Nf1+ Kg4 46.f3+ Kh5 47.Ne3 Kg6 48.f4 Kh5 49.d5  1-0

[Event "Las Vegas op"]
[Site "Las Vegas"]
[Date "1994.??.??"]
[Round "?"]
[White "Margulis, Isaak"]
[Black "Freeman, Michael"]
[Result "1-0"]
[WhiteElo "2295"]
[BlackElo "2205"]

1.e4 c5 2.Nf3 d6 3.Bb5+ Nd7 4.d4 cxd4 5.Qxd4 Nf6 6.Bg5 a6 7.Bxd7+ Bxd7 8.Nc3 Bc6
9.O-O-O e6 10.e5 dxe5 11.Qxe5 Qe7 12.Nd4 Nd7 13.Qg3 Qc5 14.Rhe1 Rc8 15.Rd2 Nf6
16.f4 Be7 17.f5 O-O 18.Bh6 Ne8 19.fxe6 Qh5 20.Bf4 Nf6 21.Re5 Qg4 22.Nf5 Bb4
23.e7 Rfe8 24.a3 Qxg3 25.Bxg3 g6 26.axb4 gxf5 27.Rxf5 Ne4 28.Nxe4 Bxe4 29.Re5 f5
30.Bh4 Kf7 31.c3 Kg7 32.g4  1-0

[Event "Linares op"]
[Site "Linares"]
[Date "1994.??.??"]
[Round "9"]
[White "Frois, Antonio"]
[Black "Veingold, Aleksandr"]
[Result "1/2-1/2"]
[WhiteElo "2385"]
[BlackElo "2465"]

1.e4 c5 2.Nf3 d6 3.Bb5+ Bd7 4.Bxd7+ Qxd7 5.c4 Nf6 6.Nc3 Nc6 7.O-O Ne5 8.d3 e6
9.Bf4 Ng6 10.Be3 Be7 11.d4 cxd4 12.Qxd4 O-O  1/2-1/2

[Event "Litomysl op"]
[Site "Litomysl"]
[Date "1994.??.??"]
[Round "?"]
[White "Berezjuk, Sergej"]
[Black "Pakosta, Stanislav"]
[Result "1-0"]
[WhiteElo "2375"]
[BlackElo "2195"]

1.e4 c5 2.Nf3 d6 3.Bb5+ Bd7 4.Bxd7+ Nxd7 5.c4 g6 6.Nc3 Bg7 7.d4 cxd4 8.Nxd4 Ngf6
9.O-O O-O 10.b3 a6 11.Bb2 Rc8 12.Re1 Re8 13.Qd2 Qa5 14.Rad1 Nc5 15.h3 Qb6
16.Nd5 Qa7 17.Nc3 b6 18.Re2 Qb7 19.Rde1 Rcd8 20.Qe3 Nh5 21.Nf3 b5 22.cxb5 axb5
23.Nd5 e6 24.Nb4 Na6 25.Bxg7 Nxg7 26.Nxa6 Qxa6 27.Rd2 f5 28.Qh6 Nh5 29.exf5 exf5
30.Rde2 Rxe2 31.Rxe2 Qb7 32.Qg5 Rc8 33.Re7 Qc6 34.Re1 Re8 35.Rd1 d5 36.Qd2 Nf6
37.Nd4 Qa6 38.Rc1 Ne4 39.Qb4 Qxa2 40.Qxb5 Qxf2+ 41.Kh1 Nf6 42.Nf3 Kg7 43.Qb7+ Kg8
44.Ra1 d4 45.Ra7  1-0

[Event "Litomysl op"]
[Site "Litomysl"]
[Date "1994.??.??"]
[Round "?"]
[White "Dmitriev, Igor"]
[Black "Walek, Milan"]
[Result "1-0"]
[WhiteElo "2425"]
[BlackElo "2315"]

1.e4 c5 2.Nf3 d6 3.Bb5+ Nc6 4.d4 cxd4 5.Qxd4 Bd7 6.Qd3 Nf6 7.Nc3 e6 8.Bg5 h6
9.Bh4 a6 10.Bxc6 Bxc6 11.O-O-O Be7 12.Nd4 Rc8 13.f4 g5 14.Bg3 Nd7 15.f5 e5
16.f6 Nxf6 17.Nf5 Qc7 18.Rhf1 Rd8 19.Qf3 Bf8 20.Rd2 Rg8 21.Rfd1 g4 22.Qe2 Rd7
23.Bh4 Nh5 24.g3 Rg6 25.Ne3 Be7 26.Bxe7 Rxe7 27.Nxg4 Ng7 28.Ne3 Rd7 29.a3 Qd8
30.Kb1 b5 31.Nf5 Nxf5 32.exf5 Rf6 33.g4 Qa8 34.Nd5 Bxd5 35.Rxd5 h5 36.Qe4  1-0

[Event "Litomysl op"]
[Site "Litomysl"]
[Date "1994.??.??"]
[Round "?"]
[White "Svoboda, J."]
[Black "Bottyan, Peter"]
[Result "1-0"]
[WhiteElo "2200"]
[BlackElo "2005"]

1.e4 c5 2.Nf3 d6 3.Bb5+ Bd7 4.Bxd7+ Qxd7 5.O-O Nc6 6.c3 Nf6 7.Re1 e6 8.d4 cxd4
9.cxd4 d5 10.e5 Ne4 11.Nbd2 Nxd2 12.Bxd2 Be7 13.a3 Qc7 14.Rc1 Qb6 15.Re3 Nxd4
16.Qa4+ Nc6 17.Rb3 Qc7 18.Nd4 O-O 19.f4 Rac8 20.Be3 Qd7 21.Rbc3 Rfd8 22.b4 a6
23.Nxc6 bxc6 24.Bd4 c5 25.Qxd7 Rxd7 26.bxc5 Rc6 27.Rb1 Kf8 28.Rb8+ Bd8 29.Rcb3 Ke7
30.Rc3 Kf8 31.Kf1 g6 32.Rh3 h5 33.g4 hxg4 34.Rh8+ Ke7 35.Bc3  1-0

[Event "Ljubljana op"]
[Site "Ljubljana"]
[Date "1994.??.??"]
[Round "?"]
[White "Pavasovic, Dusko"]
[Black "Baric, Dusan"]
[Result "1-0"]
[WhiteElo "2320"]
[BlackElo "2130"]

1.e4 c5 2.Nf3 d6 3.Bb5+ Nd7 4.d4 cxd4 5.Qxd4 a6 6.Bxd7+ Bxd7 7.Nc3 Bc6 8.a4 Nf6
9.Bg5 e6 10.O-O Be7 11.a5 O-O 12.Rfd1 Qc7 13.Nd2 Rad8 14.Bh4 d5 15.e5 Ne4
16.Bxe7 Qxe7 17.Nb3 Nxc3 18.Qxc3 Rc8 19.Qe3 Bb5 20.c3 Rc4 21.Nd4 Qc5 22.Rd3 Ra4
23.Rxa4 Bxa4 24.Qg5 Rc8 25.Rg3 Qf8 26.f4 Bd7 27.b4 h6 28.Qg4 Kh7 29.Nb3 Rc4
30.Nc5 Bc8 31.h4 d4 32.Qe2 Rxc3 33.Rxc3 dxc3 34.Qd3+ Kg8 35.Qxc3 Qd8 36.Ne4 Qd1+
37.Kf2 Bd7 38.Qd2 Qxd2+ 39.Nxd2 Kf8 40.Ke3 Ke7 41.g4 f6 42.Kd4 Bc6 43.Ne4 Bd5
44.exf6+ gxf6 45.g5 fxg5 46.fxg5 hxg5 47.hxg5 Bc6 48.Ke5 Kf7 49.Nc5 Bd5 50.Kd6 Bc4
51.Nd7 Bb3 52.Ne5+ Kg7 53.Kd7 Ba2 54.Ke7 Bb3 55.Kd6 Ba2 56.Kd7 Bd5 57.Kd6 Ba2
58.Nd3 Kg6 59.Nc5 Kf5 60.Nxb7 e5 61.b5 e4 62.Nc5 e3 63.b6 Bb1 64.Nb3 Be4
65.Nd4+ Kxg5 66.Kc7 Kf4 67.b7 Bxb7 68.Kxb7 Ke4 69.Ne2 Kd5 70.Kxa6 Kc6 71.Nd4+ Kc7
72.Ka7 Kc8 73.Kb6 Kb8 74.a6 e2 75.a7+  1-0

[Event "Ljubljana op"]
[Site "Ljubljana"]
[Date "1994.??.??"]
[Round "?"]
[White "Kolar, Srecko"]
[Black "Jazbinsek, Sebastjan"]
[Result "1/2-1/2"]
[WhiteElo "2220"]
[BlackElo "2055"]

1.e4 c5 2.Nf3 d6 3.Bb5+ Bd7 4.Bxd7+ Nxd7 5.O-O Ngf6 6.Re1 e6 7.c4 Be7 8.d3 O-O
9.Nbd2 Ng4 10.Nf1 Nge5 11.h3 Bf6 12.N3h2 Nc6 13.Ng3 Bd4 14.Nf3 Nde5 15.Nxd4 Nxd4
16.Be3 Nec6 17.Qd2 Qf6 18.f4 Qg6 19.Kh2 Rae8 20.Rf1 f5 21.Rae1 h5 22.exf5 Nxf5
23.Ne4 b6 24.Ng5 h4 25.Bf2 e5 26.fxe5 Nxe5 27.Ne4 Qh5 28.Be3 Ng3 29.Rf4 Nxc4
30.dxc4 Nxe4 31.Qd3 Qe5 32.Qd5+ Qxd5 33.cxd5 Rxf4 34.Bxf4 Kf7 35.Rf1 Kg6
36.Kg1 b5 37.Rf3 b4 38.Kf1 c4 39.Re3 c3 40.bxc3 bxc3 41.Re1 Kf5 42.Be3 Ke5
43.Ke2 Kxd5 44.Kd3 Rc8 45.Rf1 g6 46.Rf4 Rc4 47.Kc2 g5 48.Rf5+ Ke6 49.Ra5 d5
50.Rxa7 d4 51.Bc1 Nc5 52.Bxg5 d3+ 53.Kd1 Ne4 54.Ra6+ Kd7 55.Be3 c2+ 56.Kc1 d2+
57.Bxd2 Nxd2 58.Ra3 Ne4 59.Re3 Kc6 60.Re2 Nc3 61.Rxc2 Nxa2+ 62.Kd2 Rxc2+
63.Kxc2  1/2-1/2

[Event "Ljubljana op"]
[Site "Ljubljana"]
[Date "1994.??.??"]
[Round "?"]
[White "Barle, Janez"]
[Black "Ryskin, Alexander"]
[Result "1/2-1/2"]
[WhiteElo "2440"]
[BlackElo "2500"]

1.e4 c5 2.Nf3 d6 3.Bb5+ Bd7 4.Bxd7+ Qxd7 5.O-O Nf6 6.e5 dxe5 7.Nxe5 Qd6 8.Nc4 Qd7
9.d3 e6 10.Nc3 Nc6 11.Bf4 Be7 12.Ne5 Nxe5 13.Bxe5 O-O 14.Qf3 Nd5 15.Nxd5  1/2-1/2

[Event "Ljubljana op"]
[Site "Ljubljana"]
[Date "1994.??.??"]
[Round "?"]
[White "Srebrnic, Vojko"]
[Black "Baric, Dusan"]
[Result "1-0"]
[WhiteElo "2230"]
[BlackElo "2130"]

1.e4 c5 2.Nf3 d6 3.Bb5+ Nd7 4.O-O Nf6 5.Re1 e6 6.d4 cxd4 7.Qxd4 Be7 8.c4 O-O
9.Nc3 a6 10.Ba4 Qc7 11.h3 b6 12.Be3 Bb7 13.Bxd7 Nxd7 14.Red1 Rac8 15.Rac1 Rfd8
16.b3 Kf8 17.Bg5 f6 18.Bd2 Qc6 19.Qe3 Kf7 20.Nd4 Qc7 21.Qe2 Nf8 22.Be3 Bc6
23.f4 Qb7 24.Nxc6 Rxc6 25.f5 e5 26.Nd5 Rdc8 27.a4 a5 28.g4 Nd7 29.h4 Nc5
30.Bxc5 bxc5 31.Rd3 h6 32.Rh3 Rh8 33.Qd2 Bd8 34.Rd3 Kf8 35.Kg2 Ra6 36.Kf3 Qb8
37.Rd1 Kf7 38.Qc2 Qb7 39.Nc3 Bc7 40.Nb5 Rd8 41.Qg2 Rg8 42.Ke2 Bb8 43.Qf3 Qe7
44.Rg1 Rh8 45.Qg2 Rc6 46.Rg3 g5 47.fxg6+ Kxg6 48.Rf1 Rcc8 49.Rgf3 Rcf8 50.Nc3 Qb7
51.Nd5 Kg7 52.Qf2 Rf7 53.g5 Rhf8 54.gxf6+ Kh7 55.Rg1 Qc8 56.Rfg3 Qe6 57.Qg2 Rxf6
58.Nxf6+ Qxf6 59.Rg7+ Kh8 60.Rg8+  1-0

[Event "Ljubljana op"]
[Site "Ljubljana"]
[Date "1994.??.??"]
[Round "?"]
[White "Srebrnic, Vojko"]
[Black "Ryskin, Alexander"]
[Result "0-1"]
[WhiteElo "2230"]
[BlackElo "2500"]

1.e4 c5 2.Nf3 d6 3.Bb5+ Bd7 4.Bxd7+ Qxd7 5.O-O Nf6 6.Re1 Nc6 7.c3 e6 8.d4 cxd4
9.cxd4 d5 10.e5 Ne4 11.Nbd2 Nxd2 12.Bxd2 Be7 13.Bg5 O-O 14.Bxe7 Qxe7 15.Qd2 Rac8
16.Rec1 Rc7 17.Rc2 Rfc8 18.Rac1 Nb8 19.Rxc7 Rxc7 20.Rxc7 Qxc7 21.Ne1 Nc6
22.Qc3 Qb6 23.Nc2 Qa6 24.a3 Qb5 25.g3 a5 26.b3 h6 27.Kg2 Qe2 28.Ne3 Qa2 29.Nc2 Qb1
30.h4 Qc1 31.Qd3 Qb2 32.a4 h5 33.Kh2 Nb4 34.Nxb4 Qxf2+ 35.Kh3 axb4 36.Qd1 g6
37.a5 Qa2 38.g4 hxg4+ 39.Kxg4 Qg2+ 40.Kf4 Qh3 41.Qe1 Qxb3 42.h5 Qc3 43.Qg1 Qd2+
44.Kf3 Qd3+ 45.Kf4 Qe4+ 46.Kg3 gxh5  0-1

[Event "London4"]
[Site "London"]
[Date "1994.??.??"]
[Round "?"]
[White "Rayner, Francis"]
[Black "O'Shaughnessy, Conor"]
[Result "1-0"]
[WhiteElo "2285"]
[BlackElo "2295"]

1.e4 c5 2.Nf3 d6 3.Bb5+ Bd7 4.Bxd7+ Qxd7 5.c4 Qg4 6.O-O Qxe4 7.d4 Nc6 8.Nc3 Qf5
9.Nb5 Qd7 10.d5 Nd4 11.Nbxd4 cxd4 12.Qxd4 e5 13.dxe6 fxe6 14.Bg5 Nf6 15.Bxf6 gxf6
16.Qxf6 Bg7 17.Qg5 O-O 18.Rad1 Rf6 19.Qg3 Rd8 20.b3 Rg6 21.Qh3 Rf8 22.Rfe1 Qf7
23.Rd3 Be5 24.c5 Bf4 25.cxd6 Rh6 26.Qg4+ Rg6 27.Qh4 Bxd6 28.Ng5 Be7 29.Qxh7+ Qxh7
30.Nxh7 Bc5 31.Nxf8  1-0

[Event "Lloyds Bank op"]
[Site "London"]
[Date "1994.??.??"]
[Round "4"]
[White "Thiel, Thomas"]
[Black "Marley, Justin C"]
[Result "1/2-1/2"]
[WhiteElo "2320"]
[BlackElo "2100"]

1.e4 c5 2.Nf3 d6 3.Bb5+ Bd7 4.Bxd7+ Qxd7 5.c4 e5 6.Nc3 Ne7 7.d3 Nbc6 8.Rb1 h6
9.a3 f5 10.b4 g5 11.Nd5 Bg7 12.Qa4 fxe4 13.dxe4 O-O 14.O-O Rf7 15.b5 Nd4
16.Nxd4 Nxd5 17.Nf5 Nc3 18.Qc2 Nxb1 19.Qxb1 Qe6 20.Rd1 Qxc4 21.Rxd6 Bf8 22.Rd1 Qe6
23.h4 Rd7 24.Rxd7 Qxd7 25.Qb3+ Qf7 26.Qg3 Rd8 27.Bb2 Bg7 28.Bxe5 Bxe5 29.Qxe5 Kh7
30.Qxc5 gxh4 31.Qc1 Qe6 32.Qf4 h3 33.g3 Rf8 34.Kh2 Qg6 35.Kxh3 Qe6 36.Kh2 Rf7
37.a4 a6 38.Qe3 axb5 39.axb5 Rf6 40.Qd4 Rf7 41.Kg2 Rd7 42.Qe3 Rf7 43.Qf4 Qf6
44.Qd6 Qg5 45.Qd3 Qf6 46.Qd5 Kg8 47.g4 Kh7 48.e5 Qg6 49.Qe4 h5 50.e6 Re7
51.f3 Rxe6 52.Qxb7+ Kh8 53.Qa8+ Re8 54.Qa1+ Kh7 55.Qa7+ Kh8 56.Qd4+ Kh7 57.Qa7+ Kh8
58.Qa1+ Kh7  1/2-1/2

[Event "Lloyds Bank op"]
[Site "London"]
[Date "1994.??.??"]
[Round "6"]
[White "Webb, Laurence"]
[Black "Tilak, Sharad S"]
[Result "1/2-1/2"]
[WhiteElo "2240"]
[BlackElo "2415"]

1.e4 c5 2.Nf3 d6 3.Bb5+ Bd7 4.Bxd7+ Nxd7 5.c4 Ngf6 6.Nc3 g6 7.d4 cxd4 8.Nxd4 Bg7
9.Be3 O-O 10.O-O a6 11.Qd2 Ng4 12.Bg5 h6 13.Be3 Nxe3 14.Qxe3 Qb6 15.Rfd1 Rfc8
16.b3 Nf6 17.h3 Nd7 18.Rac1 e6 19.Qd2 Qa5 20.Nde2 Rc6 21.Nd4 Rc7 22.Nde2 Rc6
23.Nd4 Rc7 24.Nde2  1/2-1/2

[Event "London op"]
[Site "London"]
[Date "1994.??.??"]
[Round "6"]
[White "Stanton, William"]
[Black "Marley, Justin C"]
[Result "1-0"]
[WhiteElo "2170"]
[BlackElo "2100"]

1.e4 c5 2.Nf3 d6 3.Bb5+ Bd7 4.Bxd7+ Qxd7 5.O-O Nf6 6.d3 Nc6 7.Re1 e6 8.c4 Be7
9.Nbd2 O-O-O 10.a3 d5 11.cxd5 exd5 12.e5 Ng4 13.h3 Nh6 14.Nf1 Nf5 15.Bd2 Rhg8
16.Ne3 g5 17.Ng4 h5 18.e6 fxe6 19.Nge5 Qe8 20.Nxc6 Qxc6 21.b4 Bf6 22.Rc1 c4
23.dxc4 dxc4 24.Qe2 b5 25.Bc3 g4 26.hxg4 hxg4 27.Ne5 Bxe5 28.Qxe5 Rd6 29.Rcd1 Nh4
30.Qh2 g3 31.Qxh4 gxf2+ 32.Qxf2 Rd3 33.Rxd3 cxd3 34.Bd2 Kb7 35.Qf7+  1-0

[Event "Maidstone Menchik op"]
[Site "Maidstone"]
[Date "1994.??.??"]
[Round "8"]
[White "Ivanov, An"]
[Black "Hunt, Adam"]
[Result "1-0"]
[WhiteElo "2230"]
[BlackElo "2250"]

1.e4 c5 2.Nf3 d6 3.Bb5+ Bd7 4.Bxd7+ Qxd7 5.c4 Nc6 6.d4 cxd4 7.Nxd4 g6 8.Nc3 Bg7
9.Be3 Nf6 10.f3 O-O 11.O-O Rfd8 12.Qd2 e6 13.Rad1 Ne5 14.Qe2 Qc7 15.b3 a6
16.Rc1 Qe7 17.Rfd1 d5 18.cxd5 exd5 19.exd5 Nxd5 20.Nf5 gxf5 21.Nxd5 Qh4 22.Bf2 Qh5
23.Ne7+ Kh8 24.Bg3 Ng6 25.Nxg6+ fxg6 26.Rxd8+ Rxd8 27.Be5 Qh4 28.Rc7 Rd1+
29.Qxd1 Bxe5 30.g3 Qf6 31.Rxb7 Bd4+ 32.Kg2 f4 33.Qe2 Be5 34.Qc4  1-0

[Event "Makarska"]
[Site "Makarska"]
[Date "1994.??.??"]
[Round "?"]
[White "Colovic, Dusan"]
[Black "Marinelli, Tullio"]
[Result "0-1"]
[WhiteElo "2275"]
[BlackElo "2375"]

1.e4 c5 2.Nf3 d6 3.Bb5+ Bd7 4.Bxd7+ Nxd7 5.O-O Ngf6 6.Re1 g6 7.a3 Bg7 8.Nc3 O-O
9.b4 Rc8 10.Rb1 Nb6 11.a4 Nfd7 12.bxc5 Nxc5 13.a5 Nc4 14.d4 Nd7 15.a6 bxa6
16.Bg5 h6 17.Bh4 Ndb6 18.Qe2 a5 19.Ra1 Qd7 20.Ra2 Kh8 21.h3 e6 22.Bg3 Rfe8
23.e5 dxe5 24.dxe5 Nd5 25.Ne4 a4 26.Rea1 a3 27.c3 Rc7 28.Nf6 Bxf6 29.exf6 Nxc3
30.Qe1 Nxa2 31.Rxa2 Rc5 32.Qc1 Kh7 33.Rxa3 Rec8 34.Rc3 Qd5 35.Qa1 a5 36.Qa4 Qc6
37.Qa2 a4 38.Kh2 a3 39.Rxc4 Rxc4 40.Ne5 Qa6 41.Nxf7 Qb7  0-1

[Event "Makarska"]
[Site "Makarska"]
[Date "1994.??.??"]
[Round "?"]
[White "Colovic, Dusan"]
[Black "Grosar, Aljosa"]
[Result "1/2-1/2"]
[WhiteElo "2275"]
[BlackElo "2430"]

1.e4 c5 2.Nf3 d6 3.Bb5+ Bd7 4.Bxd7+ Nxd7 5.O-O Ngf6 6.Re1 e6 7.c3 Be7 8.d3 O-O
9.Nbd2 Re8 10.Nf1 Qc7 11.Ng3  1/2-1/2

[Event "CRO-chT"]
[Site "Makarska"]
[Date "1994.??.??"]
[Round "8"]
[White "Leventic, Ivan"]
[Black "Radocaj, Denis"]
[Result "1/2-1/2"]
[WhiteElo "2415"]
[BlackElo "2355"]

1.e4 c5 2.Nf3 d6 3.Bb5+ Bd7 4.Bxd7+ Nxd7 5.O-O Ngf6 6.Re1 e6 7.c4 Ne5 8.d3 Be7
9.b3 Nfd7 10.Bb2 Bf6 11.Nc3 O-O 12.Qe2 Nxf3+ 13.Qxf3 Bd4 14.Re2 a6 15.Rf1  1/2-1/2

[Event "CRO-chT"]
[Site "Makarska"]
[Date "1994.??.??"]
[Round "9"]
[White "Puljek Salai, Zorica"]
[Black "Stanic, Jadranka"]
[Result "1/2-1/2"]
[WhiteElo "2230"]
[BlackElo "2135"]

1.e4 c5 2.Nf3 d6 3.Bb5+ Bd7 4.Bxd7+ Nxd7 5.O-O g6 6.c4 Bg7 7.Nc3 Ngf6 8.d4 cxd4
9.Nxd4 Rc8 10.b3 O-O 11.Be3 Nc5 12.f3 e6 13.Rc1 a6 14.Nde2 Qe7 15.Qd2 Rfd8
16.Bg5 Qc7 17.Qf4 Nd3 18.Qh4 Nxc1 19.Rxc1 Qc5+ 20.Kh1 h6 21.Bxh6 Bxh6 22.Qxh6 Qh5
23.Qe3 d5  1/2-1/2

[Event "Mar del Plata op"]
[Site "Mar del Plata"]
[Date "1994.??.??"]
[Round "4"]
[White "Tempone, Marcelo"]
[Black "Disconzi da Silva, Rodrigo"]
[Result "1/2-1/2"]
[WhiteElo "2460"]
[BlackElo "2360"]

1.e4 c5 2.Nf3 d6 3.Bb5+ Nd7 4.O-O Nf6 5.Re1 a6 6.Bf1 b6 7.d3 g6 8.b3 Bg7
9.Bb2 O-O 10.Nbd2 Bb7 11.c3 e6 12.d4 Qc7 13.Bd3 Rfd8 14.Rc1 Bh6 15.Rc2 Nb8
16.a3 Bg7 17.Nf1 Qe7 18.d5 exd5 19.exd5 Qf8 20.c4 Nbd7 21.Rce2 Re8 22.Ne3 Re7
23.h3 Rae8 24.Bc1 Bc8 25.Nf1 Rxe2 26.Rxe2 Rxe2 27.Qxe2 Bh6 28.Bxh6 Qxh6 29.Qe7 Qf8
30.Qe3 Qe8 31.Qf4 Qe7 32.N1d2 Ne5 33.Nxe5 Qxe5 34.Qxe5 dxe5 35.b4 cxb4 36.axb4 b5
37.Nb3 Kf8 38.d6 bxc4 39.Bxc4 Ne4 40.d7 Bxd7 41.Bxa6 Ba4 42.Na5 Ke7 43.Nc4 f6
44.Ne3 Nc3 45.f3 Kd6 46.Bc4 Bc6 47.Kf2 Bd5 48.Bd3 f5 49.g4 e4 50.fxe4 Bxe4
51.Bxe4 Nxe4+ 52.Kf3 Ng5+ 53.Kg3 f4+ 54.Kxf4 Nxh3+ 55.Ke4 h5  1/2-1/2

[Event "Minsk op"]
[Site "Minsk"]
[Date "1994.??.??"]
[Round "1"]
[White "Balashov, Yuri S"]
[Black "Veselovsky, Sergey"]
[Result "0-1"]
[WhiteElo "2510"]
[BlackElo "2455"]

1.Nf3 c5 2.e4 d6 3.Bb5+ Bd7 4.Bxd7+ Qxd7 5.O-O Nf6 6.c4 Nxe4 7.Re1 Nf6 8.d4 e6
9.Nc3 Be7 10.Bf4 O-O 11.dxc5 dxc5 12.Qb3 Nc6 13.Rad1 Qc8 14.h3 b6 15.Qc2 Qb7
16.Rd2 Rad8 17.Red1 Rxd2 18.Rxd2 Rd8 19.Rxd8+ Bxd8 20.Qa4 Bc7 21.Bg5 Nd7
22.Nb5 h6 23.Be3 Nde5 24.Nd2 Bb8 25.a3 Ng6 26.Nf3 Nge5 27.Nd2 f5 28.Qd1 Qd7
29.Qh5 Qf7 30.Qxf7+ Kxf7 31.b3 Nd3 32.g3 g5 33.Nf1 Na5 34.b4 cxb4 35.axb4 Nxc4  0-1

[Event "BLR-ch"]
[Site "Minsk"]
[Date "1994.??.??"]
[Round "7"]
[White "Botvinnik, Ilia"]
[Black "Dydyshko, Viacheslav"]
[Result "0-1"]
[WhiteElo "2375"]
[BlackElo "2505"]

1.e4 c5 2.Nf3 d6 3.Bb5+ Bd7 4.Bxd7+ Qxd7 5.O-O Nc6 6.c4 g6 7.d4 cxd4 8.Nxd4 Bg7
9.Be3 Nf6 10.Nc3 Ng4 11.Nc2 Nxe3 12.Nxe3 Rc8 13.Rc1 O-O 14.b3 Rfd8 15.Qd2 Qc7
16.Kh1 Qa5 17.Rfd1 Kf8 18.g3 a6 19.Kg2 e6 20.Ne2 Qa3 21.Nc3 Qc5 22.h4 Bh6
23.f4 Bg7 24.Ne2 Kg8 25.Ng1 Nb4 26.a3 Nc6 27.b4 Qd4 28.Qxd4 Nxd4 29.Rd3 Nc6
30.Ne2 Kf8 31.g4 Ke7 32.g5 h6 33.f5 hxg5 34.hxg5 gxf5 35.exf5 Rg8 36.Kf2 Bb2
37.Rb1 Be5 38.Rg1 Kd7 39.Ng4 Rxg5 40.fxe6+ Kxe6 41.Nxe5 Nxe5 42.Rxd6+ Kxd6
43.c5+ Kd5 44.Rxg5 Re8 45.Rg3 Rh8 46.Nc3+ Kd4 47.Ne2+ Kc4 48.Rc3+ Kd5 49.Ke3 Rh4
50.Nf4+ Kc6 51.a4 Ng6 52.b5+ axb5 53.Nxg6 fxg6 54.axb5+ Kxb5 55.Rc1 Rh7 56.Rg1 Rg7
57.Rg5 Kc4 58.Ke4 Re7+ 59.Kf3 Re6 60.Kf4 Kd4  0-1

[Event "BLR-ch"]
[Site "Minsk"]
[Date "1994.??.??"]
[Round "9"]
[White "Korzubov, Peter"]
[Black "Dydyshko, Viacheslav"]
[Result "1/2-1/2"]
[WhiteElo "2455"]
[BlackElo "2505"]

1.e4 c5 2.Nf3 d6 3.Bb5+ Bd7 4.Bxd7+ Qxd7 5.O-O Nc6 6.c3 Nf6 7.d4 Nxe4 8.d5 Ne5
9.Re1 Nxf3+ 10.Qxf3 Nf6 11.c4 Ng4 12.Bf4 g6 13.Qc3 Rg8 14.Qf3 Bg7 15.Nc3 Ne5
16.Qe2 f5 17.Rad1 Bf6 18.Bc1 g5 19.Qh5+ Kd8 20.f4 gxf4 21.Bxf4 Nxc4 22.Qe2 Ne5
23.Kh1 Rg4 24.Rf1 Ng6 25.Bc1 Bxc3 26.bxc3 Kc7 27.h3 Re4 28.Qh5 Rh4 29.Qg5 Rf8
30.Rde1 f4 31.Re6 Rf6 32.Rxf6 exf6 33.Qxf6 Rxh3+  1/2-1/2

[Event "Veterans-Women"]
[Site "Monte Carlo"]
[Date "1994.??.??"]
[Round "10"]
[White "Ivkov, Borislav"]
[Black "Chiburdanidze, Maia"]
[Result "0-1"]
[WhiteElo "2485"]
[BlackElo "2520"]

1.e4 c5 2.Nf3 d6 3.Bb5+ Nd7 4.d4 Nf6 5.Nc3 cxd4 6.Qxd4 e5 7.Qd3 h6 8.Be3 Be7
9.h3 O-O 10.g4 a6 11.Bxd7 Bxd7 12.g5 hxg5 13.Bxg5 Nh5 14.Bxe7 Qxe7 15.Nd5 Qd8
16.Qe3 Be6 17.Nb6 Rb8 18.O-O-O Qc7 19.Rhg1 Nf4 20.Nh4 Qc5 21.Rd2 Nxh3 22.Rg3 Nf4
23.Nf5 Bxf5 24.exf5 Rfd8 25.f6 Qxe3 26.fxe3 Nh5 27.Rxg7+ Kf8 28.Rg1 Nxf6
29.Rf2 Ne4 30.Rh2 Ke7 31.Nd5+ Ke6 32.Nc7+ Kd7 33.Nd5 Rh8 34.Rgh1 Rxh2 35.Rxh2 b5
36.c3 Rg8 37.Kc2 Rg3 38.b4 Rf3 39.Kd3 Nf6 40.Ke2 Rf5 41.e4 Nxe4 42.Ke3 Nf6
43.c4 bxc4  0-1